00334pab a2200121 454500008004000000100002300040245005500063260000900118300001400127362001200141650002600153773003300179180718b2003 xxu||||| |||| 00| 0 eng d aWerlin, Herbert H. aPoor nations, rich nations: a theory of governance c2003 ap.329-42. aMay-Jun aPublic administration aPublic Administration Review